LEADER 01673nam 2200457 n 450 001 996394543203316 005 20200824121642.0 035 $a(CKB)4940000000120465 035 $a(EEBO)2264218470 035 $a(UnM)99829758e 035 $a(UnM)99829758 035 $a(EXLCZ)994940000000120465 100 $a19950622d1653 uy | 101 0 $aeng 135 $aurbn||||a|bb| 200 14$aThe short introduction, of grammar$b[electronic resource] $ecompiled and set forth for the bringing up of all those that intend to attain to the knowledg of the Latine tongue 210 $aLondon $cprinted by Roger Norton$d1653 215 $a[76] p 300 $aBy William Lily, with contributions by John Colet, Thomas Robertson, and others. 300 $aSignatures: A[-A1]-E[-E8]. 300 $aTitle page engraved. 330 $aeebo-0018 606 $aLatin language$xGrammar$vEarly works to 1800 606 $aLatin language$xStudy and teaching$vEarly works to 1800 606 $aLatin language$xMetrics and rhythmics$vEarly works to 1800 606 $aLatin language$xSyntax$vEarly works to 1800 615 0$aLatin language$xGrammar 615 0$aLatin language$xStudy and teaching 615 0$aLatin language$xMetrics and rhythmics 615 0$aLatin language$xSyntax 700 $aLily$b William$f1468?-1522.$0841046 701 $aColet$b John$ffl.1520-1561.$01006228 701 $aRobertson$b Thomas$fd. 1536.$01006229 801 0$bCu-RivES 801 1$bCu-RivES 801 2$bCStRLIN 801 2$bWaOLN 906 $aBOOK 912 $a996394543203316 996 $aThe short introduction, of grammar$92315249 997 $aUNISA